[Event "Philadelphia National op 34th"]
[Site "Philadelphia"]
[Date "2003.11.29"]
[Round "3"]
[White "Shapiro, Daniel E"]
[Black "Bendich, Ilya"]
[Result "0-1"]
[WhiteElo "2264"]
[BlackElo "2172"]
[PlyCount "96"]
[EventDate "2003.11.28"]
[EventType "swiss"]
[EventRounds "6"]
[EventCountry "USA"]
[SourceTitle "CBM 097 Extra"]
[Source "ChessBase"]
[SourceDate "2004.01.13"]
[SourceVersion "1"]
[SourceVersionDate "2004.01.13"]
[SourceQuality "1"]

1. d4 Nf6 2. c4 c5 3. d5 e5 4. Nc3 d6 5. e4 Be7 6. Bd3 0-0 7. h3 Ne8 8. Nf3 Nd7 9. Qe2 a6 10. g4 g6 11. Bh6 Ng7 12. 0-0-0 Nf6 13. Rdg1 Kh8 14. Qd2 Ng8 15. h4 Nxh6 16. Qxh6 f6 17. Ne2 Rf7 18. Qd2 b5 19. Ne1 g5 20. f3 bxc4 21. Bxc4 Rb8 22. Nd3 Bd7 23. Bxa6 Bb5 24. Bxb5 Rxb5 25. Ng3 c4 26. Nb4 Qa5 27. a3 c3 28. bxc3 Qxa3+ 29. Qb2 Qa7 30. Re1 Bd8 31. Re2 Rc7 32. Kd2 Rcb7 33. hxg5 fxg5 34. Reh2 Ne8 35. Ra1 Qc5 36. Qc2 Rxb4 37. cxb4 Qd4+ 38. Ke2 Qxa1 39. Qc8 Qb2+ 40. Ke3 Qxh2 41. Qxb7 Qxg3 42. Qc6 Qf4+ 43. Ke2 Qf8 44. b5 Nf6 45. b6 Bxb6 46. Qxb6 Nd7 47. Qc7 Nc5 48. Ke3 Nb3 0-1